| 000 | 00000cas 2200000zi 4500 |
| 001 | 9.889100 |
| 003 | CaOODSP |
| 005 | 20251223131338 |
| 006 | m o d f |
| 007 | cr cn |||||||| |
| 008 | 200708c20199999oncar p o f0###a0eng|d |
| 022 | |a2563-3643 |
| 040 | |aCaOODSP|beng|erda|cCaOODSP |
| 043 | |an-cn--- |
| 086 | 1 |aH22-1/6E-PDF |
| 222 | 0|aAnnual report on medical assistance in dying (MAID) in Canada, … |
| 245 | 00|aAnnual report on medical assistance in dying in Canada, … |
| 264 | 1|aOttawa, ON : |bHealth Canada = Santé Canada, |c2020- |
| 310 | |aAnnual |
| 336 | |atext|2rdacontent |
| 337 | |acomputer|2rdamedia |
| 338 | |aonline resource|2rdacarrier |
| 362 | 1 |aBegan with 2019 (first). |
| 500 | |aIssued also in French under title: Rapport annuel sur l'aide médicale à mourir au Canada. |
| 588 | |aDescription based on: 2019 (first). |
| 588 | |aLatest issue consulted: 2019 (first). |
| 610 | 10|aCanada. |bAct to Amend the Criminal Code and to Make Related Amendments to Other Acts (Medical Assistance in Dying|vPeriodicals. |
| 650 | 0|aAssisted suicide|zCanada|vPeriodicals. |
| 655 | 7|aPeriodicals|2lcgft |
| 710 | 1 |aCanada. |bHealth Canada, |eissuing body |
| 775 | 08|tRapport annuel sur l'aide médicale à mourir au Canada, … |w(CaOODSP)9.889101 |